Statistics for Friends: All Episode Titles (Hard)

Click here to take the quiz!

General Stats

  • This quiz has been taken 5 times
  • The average score is 20 of 222

Answer Stats

SeasonEpisodeEpisode Title% Correct
1017 & 18The {Last} {One}
80%
17The One with the {Blackout}
80%
61The One After {Vegas}
60%
523 & 24The One in {Vegas}
60%
33The One with the {Jam}
60%
325The One at the {Beach}
40%
923 & 24The One in {Barbados}
40%
216The One Where {Joey} {Moves} {Out}
40%
18The One Where {Nana} {Dies} {Twice}
40%
48The One with {Chandler} in a {Box}
40%
1012The One with {Phoebe}'{s} {Wedding}
40%
42The One with the {Cat}
40%
412The One with the {Embryos}
40%
110The One with the {Monkey}
40%
13The One with the {Thumb}
40%
84The One with the {Videotape}
40%
81The One After "{I} {Do}"
20%
101The One After {Joey} and {Rachel} {Kiss}
20%
51The One After {Ross} {Says} {Rachel}
20%
212 & 13The One {After} the {Superbowl}
20%
66The One on the {Last} {Night}
20%
614The One Where {Chandler} {Can}'{t} {Cry}
20%
217The One Where {Eddie} {Moves} {In}
20%
219The One Where {Eddie} {Won}'{t} {Go}
20%
92The One Where {Emma} {Cries}
20%
1015The One Where {Estelle} {Dies}
20%
23The One Where {Heckles} {Dies}
20%
313The One Where {Monica} and {Richard} {Are} {Just} {Friends}
20%
91The One Where {No} {One} {Proposes}
20%
32The One Where {No} {One}'{s} {Ready}
20%
315The One Where {Ross} and {Rachel} {Take} a {Break}
20%
215The One Where {Ross} and {Rachel}... {You} {Know}
20%
27The One Where {Ross} {Finds} {Out}
20%
102The One Where {Ross} {Is} {Fine}
20%
712The One Where {They}'{re} {Up} {All} {Night}
20%
419The One with All the {Haste}
20%
312The One with All the {Jealousy}
20%
52The One with All the {Kissing}
20%
118The One with All the {Poker}
20%
58The One with All the {Thanksgivings}
20%
721The One with {Chandler}'{s} {Dad}
20%
25The One with {Five} {Steaks} and an {Eggplant}
20%
14The One with {George} {Stephanopoulos}
20%
522The One with {Joey}'{s} {Big} {Break}
20%
810The One with {Monica}'{s} {Boots}
20%
71The One with {Monica}'{s} {Thunder}
20%
317The One Without the {Ski} {Trip}
20%
29The One with {Phoebe}'{s} {Dad}
20%
919The One with {Rachel}'{s} {Dream}
20%
1016The One with {Rachel}'{s} {Going} {Away} {Party}
20%
613The One with {Rachel}'{s} {Sister}
20%
59The One with {Ross}'{s} {Sandwich}
20%
210The One with {Russ}
20%
611The One with the {Apothecary} {Table}
20%
820The One with the {Baby} {Shower}
20%
123The One with the {Birth}
20%
104The One with the {Cake}
20%
112The One with The {Dozen} {Lasagnas}
20%
39The One with the {Football}
20%
86The One with the {Halloween} {Party}
20%
710The One with the {Holiday} {Armadillo}
20%
41The One with the {Jellyfish}
20%
55The One with the {Kips}
20%
211The One with the {Lesbian} {Wedding}
20%
28The One with the {List}
20%
96The One with the {Male} {Nanny}
20%
316The One with the {Morning} {After}
20%
31The One with the {Princess} {Leia}
20%
214The One with the {Prom} {Video}
20%
624 & 25The One with the {Proposal}
20%
37The One with the {Race} {Car} {Bed}
20%
82The One with the {Red} {Sweater}
20%
623The One with the {Ring}
20%
222The One with the {Two} {Parties}
20%
617The One with {Unagi}
20%
818The One in {Massapequa}
0%
615 & 16The One That {Could} {Have} {Been}
0%
311The One Where {Chandler} {Can}'{t} {Remember} {Which} {Sister}
0%
47The One Where {Chandler} {Crosses} the {Line}
0%
78The One Where {Chandler} {Doesn}'{t} {Like} {Dogs}
0%
1010The One Where {Chandler} {Gets} {Caught}
0%
813The One Where {Chandler} {Takes} a {Bath}
0%
218The One Where {Dr}. {Ramoray} {Dies}
0%
514The One Where {Everybody} {Finds} {Out}
0%
812The One Where {Joey} {Dates} {Rachel}
0%
64The One Where {Joey} {Loses} {His} {Insurance}
0%
1013The One Where {Joey} {Speaks} {French}
0%
816The One Where {Joey} {Tells} {Rachel}
0%
913The One Where {Monica} {Sings}
0%
220The One Where {Old} {Yeller} {Dies}
0%
622The One Where {Paul}'{s} the {Man}
0%
54The One Where {Phoebe} {Hates} {PBS}
0%
67The One Where {Phoebe} {Runs}
0%
124The One Where {Rachel} {Finds} {Out}
0%
911The One Where {Rachel} {Goes} {Back} to {Work}
0%
823 & 24The One Where {Rachel} {Has} a {Baby}
0%
822The One Where {Rachel} {Is} {Late}
0%
310The One Where {Rachel} {Quits}
0%
518The One Where {Rachel} {Smokes}
0%
105The One Where {Rachel}'{s} {Sister} {Babysits}
0%
83The One Where {Rachel} {Tells}...
0%
713The One Where {Rosita} {Dies}
0%
519The One Where {Ross} {Can}'{t} {Flirt}
0%
618The One Where {Ross} {Dates} a {Student}
0%
69The One Where {Ross} {Got} {High}
0%
62The One Where {Ross} {Hugs} {Rachel}
0%
621The One Where {Ross} {Meets} {Elizabeth}'{s} {Dad}
0%
57The One Where {Ross} {Moves} {In}
0%
119The One Where the {Monkey} {Gets} {Away}
0%
1011The One Where the {Stripper} {Cries}
0%
714The One Where {They} {All} {Turn} {Thirty}
0%
49The One Where {They}'{re} {Going} to {Party}!
0%
19The One Where {Underdog} {Gets} {Away}
0%
321The One with a {Chick} and a {Duck}
0%
79The One with All the {Candy}
0%
711The One with All the {Cheesecakes}
0%
511The One with All the {Resolutions}
0%
415The One with All the {Rugby}
0%
420The One with All the {Wedding} {Dresses}
0%
224The One with {Barry} and {Mindy}'{s} {Wedding}
0%
512The One with {Chandler}'{s} {Work} {Laugh}
0%
910The One with {Christmas} in {Tulsa}
0%
35The One with {Frank} {Jr}.
0%
718The One with {Joey}'{s} {Award}
0%
513The One with {Joey}'{s} {Bag}
0%
414The One with {Joey}'{s} {Dirty} {Day}
0%
619The One with {Joey}'{s} {Fridge}
0%
819The One with {Joey}'{s} {Interview}
0%
715The One with {Joey}'{s} {New} {Brain}
0%
45The One with {Joey}'{s} {New} {Girlfriend}
0%
65The One with {Joey}'{s} {Porsche}
0%
620The One with {Mac} and {C}.{H}.{E}.{E}.{S}.{E}.
0%
722 & 23The One with {Monica} and {Chandler}'{s} {Wedding}
0%
111The One with {Mrs}. {Bing}
0%
95The One with {Phoebe}'{s} {Birthday} {Dinner}
0%
73The One with {Phoebe}'{s} {Cookies}
0%
314The One with {Phoebe}'{s} {Ex}-{Partner}
0%
24The One with {Phoebe}'{s} {Husband}
0%
912The One with {Phoebe}'{s} {Rats}
0%
411The One with {Phoebe}'{s} {Uterus}
0%
1014The One with {Princess} {Consuela}
0%
74The One with {Rachel}'{s} {Assistant}
0%
720The One with {Rachel}'{s} {Big} {Kiss}
0%
72The One with {Rachel}'{s} {Book}
0%
413The One with {Rachel}'{s} {Crush}
0%
85The One with {Rachel}'{s} {Date}
0%
517The One with {Rachel}'{s} {Inadvertent} {Kiss}
0%
418The One with {Rachel}'{s} {New} {Dress}
0%
98The One with {Rachel}'{s} {Other} {Sister}
0%
99The One with {Rachel}'{s} {Phone} {Number}
0%
719The One with {Ross} and {Monica}'{s} {Cousin}
0%
63The One with {Ross}'{s} {Denial}
0%
106The One with {Ross}'{s} {Grant}
0%
97The One with {Ross}'{s} {Inappropriate} {Song}
0%
77The One with {Ross}'{s} {Library} {Book}
0%
21The One with {Ross}'{s} {New} {Girlfriend}
0%
103The One with {Ross}'{s} {Tan}
0%
68The One with {Ross}'{s} {Teeth}
0%
323The One with {Ross}'{s} {Thing}
0%
423 & 24The One with {Ross}'{s} {Wedding}
0%
26The One with the {Baby} on the {Bus}
0%
521The One with the {Ball}
0%
44The One with the {Ballroom} {Dancing}
0%
815The One with the {Birthing} {Video}
0%
109The One with the {Birth} {Mother}
0%
914The One with the {Blind} {Dates}
0%
113The One with the {Boobies}
0%
916The One with the {Boob} {Job}
0%
22The One with the {Breast} {Milk}
0%
221The One with the {Bullies}
0%
16The One with the {Butt}
0%
114The One with the {Candy} {Hearts}
0%
717The One with the {Cheap} {Wedding} {Dress}
0%
223The One with the {Chicken} {Pox}
0%
821The One with the {Cooking} {Class}
0%
516The One with the {Cop}
0%
43The One with the {Cuffs}
0%
46The One with the {Dirty} {Girl}
0%
320The One with the {Dollhouse}
0%
922The One with the {Donor}
0%
15The One with the {East} {German} {Laundry} {Detergent}
0%
75The One with the {Engagement} {Picture}
0%
120The One with the {Evil} {Orthodontist}
0%
121The One with the {Fake} {Monica}
0%
416The One with the {Fake} {Party}
0%
921The One with the {Fertility} {Test}
0%
36The One with the {Flashback}
0%
417The One with the {Free} {Porn}
0%
38The One with the {Giant} {Poking} {Device}
0%
410The One with the {Girl} from {Poughkeepsie}
0%
515The One with the {Girl} {Who} {Hits} {Joey}
0%
107The One with the {Home} {Study}
0%
318The One with the {Hypnosis} {Tape}
0%
122The One with the {Ick} {Factor}
0%
510The One with the {Inappropriate} {Sister}
0%
421The One with the {Invitation}
0%
612The One with the {Joke}
0%
108The One with the {Late} {Thanksgiving}
0%
918The One with the {Lottery}
0%
917The One with the {Memorial} {Service}
0%
34The One with the {Metaphorical} {Tunnel}
0%
915The One with the {Mugging}
0%
76The One with the {Nap} {Partners}
0%
93The One with the {Pediatrician}
0%
520The One with the {Ride}-{Along}
0%
610The One with the {Routine}
0%
89The One with the {Rumor}
0%
322The One with the {Screamer}
0%
814The One with the {Secret} {Closet}
0%
94The One with the {Sharks}
0%
920The One with the {Soap} {Opera} {Party}
0%
12The One with the {Sonogram} at the {End}
0%
87The One with the {Stain}
0%
115The One with the {Stoned} {Guy}
0%
88The One with the {Stripper}
0%
817The One with the {Tea} {Leaves}
0%
319The One with the {Tiny} {T}-{Shirt}
0%
716The One with the {Truth} {About} {London}
0%
324The One with the {Ultimate} {Fighting} {Champion}
0%
422The One with the {Worst} {Best} {Man} {Ever}
0%
56The One with the {Yeti}
0%
116 & 17The One with {Two} {Parts}
0%

Score Distribution

Percentile by Number Answered

Percent of People with Each Score

Your Score History

You have not taken this quiz